书目信息 |
| 题名: |
汽车问题解答
|
|
| 作者: | ||
| 分册: | 第三辑 电气设备 | |
| 出版信息: | 北京 人民交通出版社 1982.11 |
|
| 页数: | 401页 | |
| 开本: | 20cm | |
| 丛书名: | ||
| 单 册: | ||
| 中图分类: | U463.1 | |
| 科图分类: | ||
| 主题词: | 汽车工程 | |
| 电子资源: | ||
| ISBN: | ||
| 000 | 00495nam0 2200181 45 | |
| 001 | 0312221749 | |
| 005 | 20060815144718.41 | |
| 010 | @dCNY1.40 | |
| 100 | @a20031222d1982 km y0chiy0120 ea | |
| 101 | @achi | |
| 200 | 1 | @a汽车问题解答@Aqi che wen ti jie da@h第三辑@i电气设备 |
| 210 | @a北京@c人民交通出版社@d1982.11 | |
| 215 | @a401页@d20cm | |
| 517 | 1 | @a电气设备@Adian qi she bei |
| 606 | 0 | @a汽车工程 |
| 690 | @aU463.1@v3 | |
| 801 | @aCN@bTSTCL@c20060815 | |
| 905 | @a213230@dU463.1@e1:3@b158453@f1 | |
| 汽车问题解答.第三辑.电气设备.-北京:人民交通出版社,1982.11 |
| 401页;20cm |
| ISBN :CNY1.40 |
| ● |
| 相关链接 |
|
|
|
|
正题名:汽车问题解答
索取号:U463.1/1:3
 
预约/预借
| 序号 | 登录号 | 条形码 | 馆藏地/架位号 | 状态 | 备注 |
| 1 | 0158453 | 001483629 | 第二样本阅览室/ [索取号:U463.1/1:3] | 在馆 | |
| 2 | 0458524 | 204585243 | 密集书库/ [索取号:U463.1/1:3] | 在馆 |